Shaping the future : Business design throuth information technology

Αποθηκεύτηκε σε:
Λεπτομέρειες βιβλιογραφικής εγγραφής
Κύριος συγγραφέας: Keen, Peter G.W
Μορφή: Βιβλίο
Γλώσσα:English
Δημοσίευση: United States of America : Harvard Business School Press, 1991
Θέματα:
Ετικέτες: Προσθήκη ετικέτας
Δεν υπάρχουν, Καταχωρήστε ετικέτα πρώτοι!

MARC

LEADER 00000nam a2200000 i 4500
001 1/38503
008 960117s1991 eng d
020 |a 0-87584-237-2 
035 |l 10024874 
040 |a GR-MY-UA  |b gre  |e aacr 
041 0 |a eng 
082 0 |a 658.4038 
100 1 |a Keen, Peter G.W. 
245 1 0 |a Shaping the future :  |b Business design throuth information technology /  |c Peter G.W. Keen 
260 |a United States of America :   |b Harvard Business School Press,   |c 1991 
300 |a 264 p. 
500 |a Includes index 
650 0 0 |a Business  |x Data processing  |x Management. 
650 0 0 |a Business  |x Communication systems  |x Management. 
650 0 0 |a Management information systems. 
650 0 0 |a Organizational change  |x Management. 
852 |a INST  |b CHIOS  |e 19960117  |h 658.4038 KEE  |p 005200004021  |q 005200004021  |t BK  |y 0 
909 |a Χ  |b 032852